000 00717cam a22002411 4500
001 752006
003 ARRUPE
005 20150716161428.0
008 711124s1965 nyuab b 000 0 eng
010 _a 65011935
040 _aDLC
_cDLC
_dDLC
050 0 0 _aGN659.L6
_bM5
082 0 0 _a301
100 1 _aMiddleton, John,
_d1921-
_918313
245 1 4 _aThe Lugbara of Uganda.
260 _aNew York,
_bHolt, Rinehart and Winston
_c[1965]
300 _ax, 96 p.
_billus., map.
_c24 cm.
440 0 _aCase studies in cultural anthropology
_918314
504 _aBibliography: p. 93-95.
650 0 _aLugbara (African people)
_918315
906 _a7
_bcbc
_corignew
_du
_eocip
_f19
_gy-gencatlg
942 _2lcc
_cMONOGRAPH
999 _c122972
_d122972